00418nam a2200157Ia 4500008004100000082002800041100001700069245003200086250000600118260003100124300000700155600001700162630003200179700001700211730003200228151018s9999 xx 000 0 und d bRBASDV30742a629.133 34 aNavkala Roy aThe Acroplans:How it workes b8 bChildren Books Trustc1998 a32 aNavkala Roy aThe Acroplans:How it workes aNavkala Roy aThe Acroplans:How it workes